Obálka Náhled e-knihy:
PDF Epub
Pro půjčování e-knih musíte být přihlášeni.
Jak si půjčit online?

Ostrov větrných koní. Dobrodružství z mlhy a divočiny /

Pokračování příběhu z větrného ostrova Maolis, kde má každý člověk už od narození svého koně.

Uloženo v:
Série:Ostrov větrných koní, část 2
Hlavní autor: Hierteis, Eva, 1972- (Autor)
Další autoři: Hájková, Romana, 1968- (Autor)
Médium: E-kniha
Jazyk:Czech
Vydáno: Praha : Dobrovský s.r.o., 2023
Edice:Drobek
Témata:
Příbuzné jednotky:Z cyklu:: Ostrov větrných koní
Tagy:
Žádné tagy
LEADER 02831nam a2200529 i 4500
001 312223
003 CZ PrSKC
005 20260601215719.0
007 ta
008 231221s2023 xr a c 000 f cze
015 |a cnb003579945 
020 |a 9788027711048  |q (vázáno) 
035 |a (OCoLC)1425860906 
040 |a ABG001  |b cze  |e rda 
041 1 |a cze  |h ger 
072 7 |a 821.112.2-3  |x Německá próza, německy psaná  |2 Konspekt 
072 7 |a 821-93  |x Literatura pro děti a mládež (beletrie)  |2 Konspekt 
080 |a 821.112.2-31  |2 MRF 
080 |a 821-93  |2 MRF 
080 |a (0:82-312.9)  |2 MRF 
100 1 |a Hierteis, Eva,  |d 1972-  |7 xx0281844  |4 aut 
240 1 0 |a Abenteuer aus Nebel und Wildnis.  |l Česky 
245 1 0 |a Ostrov větrných koní.  |p Dobrodružství z mlhy a divočiny /  |c Eva Hierteis ; přeložila Romana Hájková 
246 3 0 |a Dobrodružství z mlhy a divočiny 
264 1 |a Praha :  |b Dobrovský s.r.o.,  |c 2023 
300 |a 193 stran :  |b ilustrace ;  |c 21 cm 
336 |a text  |b txt  |2 rdacontent 
337 |a bez média  |b n  |2 rdamedia 
338 |a svazek  |b nc  |2 rdacarrier 
490 1 |a Drobek 
500 |a Přeloženo z němčiny 
520 2 |a Pokračování příběhu z větrného ostrova Maolis, kde má každý člověk už od narození svého koně.  |b Důležitou součástí života maoliských dětí je zkouška v divočině. Zkoušku podstupují děti ve věku deset až třináct let, projíždějí při ní se svými koňmi divokou ostrovní přírodou a plní různé úkoly. Princezna Luna a její nejlepší kamarádka Nilla prožijí spolu se svými milovanými koňmi Měsíční září a Větrným tanečníkem úžasnou cestu divočinou, při které se toho hodně naučí. Spolu s dalšími kamarády zjistí, že se mohou spolehnout nejenom na svoje koně, ale i na sebe navzájem. Nakladatelská anotace. Kráceno. 
655 7 |a německé romány  |7 fd132945  |2 czenas 
655 7 |a fantasy romány  |7 fd184199  |2 czenas 
655 7 |a publikace pro děti  |7 fd133156  |2 czenas 
655 9 |a German fiction  |2 eczenas 
655 9 |a fantasy novels  |2 eczenas 
655 9 |a children's literature  |2 eczenas 
700 1 |a Hájková, Romana,  |d 1968-  |7 xx0302026  |4 trl 
765 1 |t Insel der Sturmpferde 
787 0 8 |i Z cyklu:  |t Ostrov větrných koní  |g 2 
830 0 |a Drobek 
900 |a ABA001  |b 20 
044 |a xr 
910 |a RBIT002 
998 |d 394619  |a https://core.palmknihy.cz/api/books/394619/cover?s6se4t  |b https://core.palmknihy.cz/api/books/394619/cover/400?s6se4t  |c https://core.palmknihy.cz/api/books/394619/cover/50?s6se4t  |e 2026-10-19  |g 200  |i 9788027711048  |j https://core.palmknihy.cz/api/books/394619/preview.epub  |k https://core.palmknihy.cz/api/books/394619/preview.pdf  |l   |q 49  |r 1  |s https://www.palmknihy.cz/kniha/394619  |t ebook  |y 2023  |z 0  |v Ostrov větrných koní  |w 2 
999 |d 312221